| 000 | 00361nam a2200133Ia 4500 | ||
|---|---|---|---|
| 008 | 210430s9999 xx 000 0 und d | ||
| 020 | _a81-239-0948-9 | ||
| 082 | _a540.3 S272 H | ||
| 100 |
_aN.Irving _954389 |
||
| 245 |
_aHawleys Condensed Chemical Dictionary 11th _cN.Irving |
||
| 260 |
_aIndia _bCBS Publishers _c1990 |
||
| 300 | _a1287 p | ||
| 942 |
_cBK _2ddc |
||
| 999 |
_c564956 _d564956 |
||